000 01556 am a22003130 4500
999 _c3535
_d3535
001 ocm10724004
003 OSt
005 20240220093614.0
008 001122s20001981 j f eng
020 _a0064409457 (pbk.)
020 _a9780064409452
040 _aCaOL
_beng
_cKH8
082 _aFIC LEW
100 1 _aLewis, C. S.
_q(Clive Staples),
_d1898-1963.
245 1 4 _aThe silver chair /
_cC.S. Lewis ; illustrated in color by Pauline Baynes.
250 _aFull-color collector's ed.
260 _aNew York :
_bHarperTrophy,
_c2000, c1981.
490 1 _aChronicles of Narnia ;
_v6.
520 _aNARNIA...where owls are wise, where some of the giants like to snack on humans, where a prince is put under an evil spell...and where the adventure begins. Eustace and Jill escape from the bullies at school through a strange door in the wall, which, for once, is unlocked. It leads to the open moor...or does it? Once again Aslan has a task for the children, and Narnia needs them. Through dangers untold and caverns deep and dark, they pursue the quest that brings them face to face with the evil Witch. She must be defeated if Prince Rillian is to be saved.
650 0 _aNarnia (Imaginary place)
_vJuvenile fiction.
650 0 _aPrinces
_vJuvenile fiction.
650 0 _aWitches
_vJuvenile fiction.
650 0 _aGood and evil
_vJuvenile fiction.
650 0 _aChildren
_vJuvenile fiction.
650 7 _aFantasy fiction.
_2genre.
700 1 _aBaynes, Pauline,
_eillustrator.
830 0 _aChronicles of Narnia ;
_v6.
942 _2ddc
_cFIC